| 000 | 00319nam a2200121Ia 4500 | ||
|---|---|---|---|
| 008 | 190216s9999||||xx |||||||||||||| ||und|| | ||
| 100 | _aMuraleedhara Varier | ||
| 245 | 0 | _a"Nuclear Radiation Detection,Measurements And Analysis" | |
| 260 |
_bNarosa Pubs House _c2011 |
||
| 300 | _a297 | ||
| 650 | _aPhysics | ||
| 942 | _cBK | ||
| 999 |
_c34502 _d34502 |
||